Advanced engineering mathematics (Record no. 2354)

000 -LEADER
fixed length control field 00457nam a22001937a 4500
001 - CONTROL NUMBER
control field 2354
003 - CONTROL NUMBER IDENTIFIER
control field BD-DhUET
008 - FIXED-LENGTH DATA ELEMENTS--GENERAL INFORMATION
fixed length control field 140922b xxu||||| |||| 00| 0 eng d
020 ## - INTERNATIONAL STANDARD BOOK NUMBER
International Standard Book Number 8121903459
040 ## - CATALOGING SOURCE
Transcribing agency 0
Modifying agency BD-DhUET
082 ## - DEWEY DECIMAL CLASSIFICATION NUMBER
Classification number 510
Item number DAS/2007
100 ## - MAIN ENTRY--PERSONAL NAME
Personal name Dass, H.K.
245 ## - TITLE STATEMENT
Title Advanced engineering mathematics
250 ## - EDITION STATEMENT
Edition statement 17th Rev. ed.
260 ## - PUBLICATION, DISTRIBUTION, ETC. (IMPRINT)
Place of publication, distribution, etc. Ram Nagar
Name of publisher, distributor, etc. S. Chand.
Date of publication, distribution, etc. 2007
300 ## - PHYSICAL DESCRIPTION
Extent xvi,1274p.
650 #0 - SUBJECT ADDED ENTRY--TOPICAL TERM
Topical term or geographic name as entry element Mathematics
942 ## - ADDED ENTRY ELEMENTS (KOHA)
Koha item type General Book
Holdings
Koha issues (times borrowed) Koha normalized classification for sorting Date acquired Source of classification or shelving scheme Koha item type Koha date last borrowed Withdrawn status Copy number Koha full call number Lost status Shelving location Koha date last seen Koha out on loan Piece designation (barcode) Price effective from Not for loan Damaged status Location (home branch) Sublocation or collection (holding branch)
3510DAS20072014-09-22 General Book2022-11-23 1510/DAS/2007 Circulation section2023-05-06 1039242014-09-22  Central Library, BUETCentral Library, BUET
6510DAS20072014-09-22 General Book2026-01-13 2510/DAS/2007 Circulation section2026-01-132026-01-271039252014-09-22  Central Library, BUETCentral Library, BUET
4510DAS20072014-09-22 General Book2024-12-01 3510/DAS/2007 Circulation section2025-02-10 1039272014-09-22  Central Library, BUETCentral Library, BUET
3510DAS20072014-09-22 General Book2023-03-22 4510/DAS/2007 Circulation section2023-06-05 1039282014-09-22  Central Library, BUETCentral Library, BUET
1510DAS20072014-09-22 General Book2014-11-12 5510/DAS/2007 Circulation section2016-02-24 1039292014-09-22  Central Library, BUETCentral Library, BUET
2510DAS20072014-09-22 General Book2023-01-11 7510/DAS/2007 Circulation section2023-02-28 1039312014-09-22  Central Library, BUETCentral Library, BUET
3510DAS20072014-09-22 General Book2026-04-15 6510/DAS/2007 Circulation section2026-04-152026-04-291039302014-09-22  Central Library, BUETCentral Library, BUET
2510_000000000000000_DAS_20072015-01-26 General Book2019-01-20 8510/DAS/2007 Circulation section2019-03-31 1039222015-01-26  Central Library, BUETCentral Library, BUET
2510DAS_2007_0000000000000002015-09-01 General Book2025-03-02 9510DAS/2007 Circulation section2025-04-07 1039232015-09-01  Central Library, BUETCentral Library, BUET
11510_000000000000000_DAS_20072007-05-28 General Book2024-11-24 10510/DAS/2007 Circulation section2024-11-242024-12-081039262017-05-29  Central Library, BUETCentral Library, BUET